| 000 | 00893nam a2200253 a 4500 | ||
|---|---|---|---|
| 001 | 000010335 | ||
| 005 | 20240412074217.0 | ||
| 008 | 091006s2000 dr r 001 0 spa d | ||
| 020 | _a1881715639 | ||
| 040 |
_aDO-SdBNP _bspa _cBNPHU |
||
| 082 |
_aRD861.44 _bG216es |
||
| 100 | 1 |
_aGarcía Cuevas, Eugenio _910813 |
|
| 245 | 1 | 0 |
_aEstaciones encontradas / _cEugenio García Cuevas. |
| 260 |
_aSanto Domingo : _bIsla negra, _c2000. |
||
| 300 |
_axxiii, xxii p. ; _c16 cm. |
||
| 490 | 1 | _aFilo de juego | |
| 505 | 1 |
_tLa adolescencia recuperada, (o El retorno al decir del amor inocente)-- _tEl tiempo herido. |
|
| 500 | _aIncluye datos bibliográficos del autor en la solapa de la cubierta | ||
| 590 | _aInventariado, 2018/BT | ||
| 650 | 0 |
_aPoesía dominicana _966 |
|
| 650 | 0 |
_aLiteratura dominicana. _967 |
|
| 830 | 0 |
_aFilo de Juego _91014 |
|
| 910 | _aValidado. Control de calidad. MMOLINA | ||
| 999 |
_c10094 _d10094 |
||